Responsible freedom in the Americas

Na minha lista:
Detalhes bibliográficos
Autor principal: Río, Angel del (Author)
Formato: Livro
Idioma:espanhol
Publicado em: Nueva York Doubleday 1955
Assuntos:
Tags: Adicionar Tag
Sem tags, seja o primeiro a adicionar uma tag!

MARC

LEADER 00000nam a2200000 a 4500
001 UCO0665
003 CL-VaPUC
008 000428e19550000US |||||||||||||||||spa|d
082 0 4 |a 370.98  |b RIO  |2 21 
100 0 |a Río, Angel del  |e author  |9 442048 
245 1 0 |a Responsible freedom in the Americas 
300 |a 554 p 
942 |c BK 
945 |d 20000428 00:00:00  |a crobeson 
260 |a Nueva York  |b Doubleday  |c 1955 
650 0 |a Enseñanza de la historia   |9 307330 
650 0 |a Educación básica   |9 224933 
650 0 |a Educación superior   |9 223851 
650 0 |a Derechos civiles y políticos   |9 338684 
650 0 |a Religión   |9 255164 
650 0 |a Política educacional  |9 308011 
650 0 |a Creación artística   |9 266215 
651 0 |a América Latina   |9 255027 
583 |a last modification  |c 20170726 05:13:45  |k Rodrigo Vera 
999 |c 287313  |d 287311 
952 |0 0  |1 0  |4 0  |6 370_980000000000000_RIO_1955  |7 0  |8 A  |9 334133  |a BIBHIS  |b BIBHIS  |d 2019-11-20  |i 1271407  |o 370.98 RIO 1955  |p 1271407  |r 2025-01-20  |w 2019-11-20  |y BK  |k HIS